[Event "POL-chT 2nd League"]
[Site "Lublin"]
[Date "2006.09.08"]
[Round "7.112"]
[White "Sabor, Krzysztof"]
[Black "Gbyl, Andrzej"]
[Result "0-1"]
[WhiteElo "1977"]
[BlackElo "2217"]
[PlyCount "74"]
[EventDate "2006.09.02"]
[EventType "team-swiss"]
[EventRounds "9"]
[EventCountry "POL"]
[SourceTitle "EXT 2019"]
[Source "ChessBase"]
[SourceDate "2018.10.10"]
[SourceVersion "1"]
[SourceVersionDate "2018.10.10"]
[SourceQuality "1"]
[WhiteTeam "Krakow Cracovia"]
[BlackTeam "Krakow KKSz"]
[WhiteTeamCountry "POL"]
[BlackTeamCountry "POL"]

1. d4 Nf6 2. Nf3 g6 3. c4 c5 4. d5 b5 5. cxb5 a6 6. b6 Qxb6 7. Nc3 d6 8. e4 Bg7 9. Be2 0-0 10. 0-0 Nbd7 11. h3 a5 12. a4 Ba6 13. Kh1 Ne8 14. Bb5 Bxb5 15. Nxb5 Nc7 16. Nc3 Rfb8 17. Nd2 Qb4 18. Ra3 c4 19. Qe2 Nb6 20. f4 e6 21. f5 exf5 22. exf5 Ncxd5 23. fxg6 hxg6 24. Nxd5 Nxd5 25. Qf3 Nf6 26. g4 Ra7 27. g5 Nh5 28. Ne4 Qb7 29. Nf6+ Nxf6 30. gxf6 Bf8 31. Qxb7 Raxb7 32. Re1 d5 33. Rae3 Rb6 34. Re8 Rxe8 35. Rxe8 Re6 36. Rxe6 fxe6 37. Bd2 Bb4 0-1

[Event "Krynica op"]
[Site "Krynica"]
[Date "1994.??.??"]
[Round "?"]
[White "Mietus, Klaudiusz"]
[Black "Sabor, Krzysztof"]
[Result "1/2-1/2"]
[WhiteElo "2165"]
[BlackElo "2090"]
[PlyCount "54"]
[EventDate "1994.??.??"]
[EventType "swiss"]
[EventRounds "9"]
[EventCountry "POL"]
[SourceTitle "EXT 1998"]
[Source "ChessBase"]
[SourceDate "1997.11.17"]
[SourceVersion "1"]
[SourceVersionDate "1997.11.17"]
[SourceQuality "1"]

1. d4 d5 2. c4 e6 3. Nc3 Nf6 4. cxd5 exd5 5. Bg5 Be7 6. e3 Nbd7 7. Nf3 c6 8. Bd3 0-0 9. h3 Ne4 10. Bf4 f5 11. Qc2 Ndf6 12. 0-0-0 Nxc3 13. Qxc3 Ne4 14. Qc2 Qa5 15. Kb1 c5 16. dxc5 Nxc5 17. Be2 Be6 18. Nd4 Bf7 19. Bd3 Nxd3 20. Qxd3 Bf6 21. Rc1 Rfc8 22. Ka1 Rc4 23. Rxc4 dxc4 24. Qxf5 Qd2 25. Qc2 Qa5 26. Qc3 Qd5 27. f3 b5 1/2-1/2

[Event "Krynica op"]
[Site "Krynica"]
[Date "1994.??.??"]
[Round "?"]
[White "Sabor, Krzysztof"]
[Black "Lokasto, Anatol"]
[Result "0-1"]
[WhiteElo "2090"]
[BlackElo "2350"]
[PlyCount "71"]
[EventDate "1994.??.??"]
[EventType "swiss"]
[EventRounds "9"]
[EventCountry "POL"]
[SourceTitle "EXT 1998"]
[Source "ChessBase"]
[SourceDate "1997.11.17"]
[SourceVersion "1"]
[SourceVersionDate "1997.11.17"]
[SourceQuality "1"]

1. d4 Nf6 2. c4 d6 3. Nc3 Nbd7 4. e4 e5 5. Nf3 exd4 6. Nxd4 g6 7. f3 Bg7 8. Be3 0-0 9. Qd2 Re8 10. 0-0-0 Ne5 11. Be2 Be6 12. Nxe6 fxe6 13. g4 Nc6 14. h4 e5 15. h5 Qe7 16. hxg6 hxg6 17. Bh6 Nd4 18. Bxg7 Qxg7 19. Rh3 Kf7 20. Rdh1 Rh8 21. Bd1 Rxh3 22. Rxh3 Rh8 23. Qh2 Rxh3 24. Qxh3 Qh7 25. Qg2 Qh4 26. Ne2 Qg5+ 27. Kb1 Qd2 28. Qf1 Qd3+ 29. Ka1 Qxf3 30. Qxf3 Nxf3 31. Nc3 Nd4 32. Kb1 c6 33. Kc1 Kg7 34. Kd2 Kh6 35. Ke3 Kg5 36. Ne2 0-1

[Event "Krynica op"]
[Site "Krynica"]
[Date "1994.??.??"]
[Round "?"]
[White "Sabor, Krzysztof"]
[Black "Prochownik, Franciszek"]
[Result "1-0"]
[WhiteElo "2090"]
[BlackElo "2300"]
[PlyCount "59"]
[EventDate "1994.??.??"]
[EventType "swiss"]
[EventRounds "9"]
[EventCountry "POL"]
[SourceTitle "EXT 1998"]
[Source "ChessBase"]
[SourceDate "1997.11.17"]
[SourceVersion "1"]
[SourceVersionDate "1997.11.17"]
[SourceQuality "1"]

1. d4 Nf6 2. c4 d6 3. Nc3 Nbd7 4. g3 e5 5. Nf3 c6 6. Bg2 Be7 7. 0-0 0-0 8. e4 Re8 9. h3 Bf8 10. Be3 Qc7 11. b4 exd4 12. Nxd4 d5 13. exd5 Bxb4 14. dxc6 Bxc3 15. cxd7 Bxd7 16. Rc1 Bxd4 17. Bxd4 Bc6 18. Bxf6 Bxg2 19. Qg4 g6 20. Kxg2 Re6 21. Bb2 Rae8 22. Qd4 f6 23. Qd5 Kg7 24. Rfd1 R8e7 25. Rd2 h5 26. Rcd1 h4 27. Qxe6 Rxe6 28. Rd7+ Re7 29. Rxc7 Rxc7 30. gxh4 1-0

[Event "Krynica op"]
[Site "Krynica"]
[Date "1994.??.??"]
[Round "?"]
[White "Sabor, Krzysztof"]
[Black "Szymanski, Andrzej"]
[Result "1/2-1/2"]
[WhiteElo "2090"]
[BlackElo "2250"]
[PlyCount "91"]
[EventDate "1994.??.??"]
[EventType "swiss"]
[EventRounds "9"]
[EventCountry "POL"]
[SourceTitle "EXT 1998"]
[Source "ChessBase"]
[SourceDate "1997.11.17"]
[SourceVersion "1"]
[SourceVersionDate "1997.11.17"]
[SourceQuality "1"]

1. d4 Nf6 2. c4 g6 3. Nc3 Bg7 4. e4 d6 5. Be2 0-0 6. Nf3 e5 7. dxe5 dxe5 8. Qxd8 Rxd8 9. Bg5 c6 10. Nxe5 Re8 11. Bf4 Na6 12. 0-0-0 Nc5 13. f3 Nh5 14. Be3 Nxe4 15. Nxe4 Bxe5 16. Bd4 Bf5 17. Bxe5 Rxe5 18. Rhe1 Bxe4 19. fxe4 Rxe4 20. Bxh5 Rxc4+ 21. Kb1 gxh5 22. Re7 b5 23. Rf1 Rf8 24. Rxa7 Kg7 25. Rd7 Kg6 26. Rd6+ f6 27. b3 Rc5 28. Kb2 Kg5 29. Re1 h4 30. Ree6 f5 31. Rxc6 Rxc6 32. Rxc6 Kg4 33. Rc3 Rg8 34. a4 bxa4 35. bxa4 Kf4 36. Rc2 Ke4 37. a5 h3 38. gxh3 Ra8 39. Rc7 Rxa5 40. Rxh7 f4 41. Kc3 Rd5 42. Re7+ Kf3 43. Rf7 Ke3 44. Re7+ Kf2 45. h4 f3 46. h5 1/2-1/2